000 00713nam a2200229 i 4500
001 177447
003 ES-MaACL
005 20250819165832.0
008 110323s2002 sp |||| | spa d
020 _a84-923311-7-8
080 _a141.72
100 1 _aSolanas, Valérie.
_9145840
245 1 0 _aScum
_b: manifiesto de la organización para el exterminio del hombre /
_cValérie Solanas ; traducción de Ana Becciu.
250 _a2ª ed.
260 _a[Madrid] :
_bKira Edit,
_c2002.
300 _a62 p. ;
_c21 cm.
650 0 4 _aRol sexual.
_916927
650 0 7 _aDiferencias entre los sexos
_2embne
_911887
700 1 _aBecciu, Ana.
_9145841
852 _aES-MaACL
_j2305-F-17
999 _c177447
_d177447